000 00396nam a2200145Ia 4500
008 230917s9999||||xx |||||||||||||| ||und||
040 _e146158
_aMAIN
041 _aEnglish
082 _a158.7 S12I
100 _aSaal, Frank E.
245 0 _aIndustrial / organizational Psychology: science and practice
260 _aCalifornia
_bBrooks/Cole Publishing
_c1988
300 _a578p p.
942 _cBK
999 _c61661
_d61661